00636cam a22001814a 4500020003500000020001800035040000800053082002600061245009900087260004600186300003800232650002000270650001800290650003400308650003500342700001800377856005900395 a1565492226 (pbk. : alk. paper) a9781565492226 cDLC00a949 KUM 2006 A101 Or.00aTransacting transition :bthe micropolitics of democracy assistance in the former Yugoslavia / aBloomfield, CT :bKumarian Press,cc2006. ax, 214 p. :bill., maps ;c23 cm. 0aDemocratization 0aCivil society 0aEconomic assistance, American 0aTechnical assistance, American1 aBrown, Keith,41uhttp://www.loc.gov/catdir/toc/ecip0611/2006010521.html